[Event "European Youth Chess Championship B14"]
[Site "Prague, Top Hotel Prague"]
[Date "2012.08.25"]
[Round "9.26"]
[White "Foniak, Ivan"]
[Black "Shahaliyev, Ismayil"]
[Result "1/2-1/2"]
[WhiteElo "2067"]
[BlackElo "1954"]
[PlyCount "142"]
[EventDate "2012.08.17"]

1. e4 c5 2. Nf3 d6 3. d4 cxd4 4. Nxd4 Nf6 5. Nc3 a6 6. h3 b5 7. Nd5 Bb7 8.
Nxf6+ gxf6 9. Qe2 Nc6 10. Nxc6 Bxc6 11. g3 Qb6 12. c3 Rg8 13. Bg2 f5 14. Qh5
Bxe4 15. Bxe4 fxe4 16. Qxh7 Rg6 17. Be3 Qc6 18. O-O d5 19. a4 bxa4 20. h4 e5
21. h5 Re6 22. Qg8 Ke7 23. Bg5+ f6 24. Be3 Kd6 25. Qh7 Rb8 26. h6 Ree8 27. Rfd1
Ke6 28. Qg8+ Kd6 29. Qg6 Be7 30. Qxe4 Ke6 31. Qg4+ Kf7 32. Qg7+ Ke6 33. Qg4+
Kf7 34. Qxa4 Qxa4 35. Rxa4 Rxb2 36. Rxd5 Rc2 37. c4 Kg6 38. Rxa6 Rxc4 39. Rxe5
Kf7 40. Rb5 Rc7 41. Ra7 Rxa7 42. Bxa7 Kg6 43. Be3 Bf8 44. Rb6 Re5 45. Kg2 Re7
46. Kf3 Rf7 47. Kg4 Bxh6 48. Bxh6 Kxh6 49. Kf5 Kg7 50. f4 Ra7 51. Rb5 Kf7 52.
g4 Rc7 53. g5 fxg5 54. Kxg5 Rc6 55. Rb7+ Kf8 56. f5 Ra6 57. Rb8+ Kf7 58. Rc8
Kg7 59. Rc1 Kg8 60. Rc4 Kf8 61. Re4 Kf7 62. Re3 Kg8 63. Rb3 Kf7 64. Rb5 Kf8 65.
Rb7 Kg8 66. Re7 Kf8 67. Rh7 Kg8 68. Re7 Kf8 69. Re6 Rxe6 70. fxe6 Ke7 71. Kf5
Ke8 1/2-1/2

[Event "European Youth Chess Championship B14"]
[Site "Prague, Top Hotel Prague"]
[Date "2012.08.25"]
[Round "9.27"]
[White "Nikolovski, Nikola"]
[Black "Plenca, Jadranko"]
[Result "1/2-1/2"]
[WhiteElo "1917"]
[BlackElo "2061"]
[PlyCount "80"]
[EventDate "2012.08.17"]

1. e4 e5 2. Nf3 Nc6 3. d4 exd4 4. Bc4 Nf6 5. e5 d5 6. Bb5 Ne4 7. Nxd4 Bc5 8.
Be3 Bd7 9. Bxc6 bxc6 10. O-O Qe7 11. f3 Nd6 12. Bf2 Nf5 13. c3 O-O 14. Re1 Rad8
15. Nd2 Bb6 16. f4 c5 17. Nxf5 Bxf5 18. g4 Bc8 19. f5 c4 20. Nf3 Bxf2+ 21. Kxf2
c5 22. Qd2 Kh8 23. Qf4 f6 24. e6 Rd6 25. Rad1 Bb7 26. Re2 Ra6 27. a3 Rb6 28.
Red2 Qd6 29. Qxd6 Rxd6 30. Ne1 Rb6 31. Ng2 d4 32. cxd4 cxd4 33. Rxd4 Rxb2+ 34.
R1d2 Rxd2+ 35. Rxd2 c3 36. Rd7 c2 37. Rc7 Rc8 38. e7 Re8 39. Nf4 c1=Q 40. Rxc1
Rxe7 1/2-1/2

[Event "European Youth Chess Championship B14"]
[Site "Prague, Top Hotel Prague"]
[Date "2012.08.25"]
[Round "9.28"]
[White "Haria, Ravi"]
[Black "Maslov, Ivan"]
[Result "1/2-1/2"]
[WhiteElo "2054"]
[BlackElo "1975"]
[PlyCount "80"]
[EventDate "2012.08.17"]

1. e4 Nf6 2. e5 Nd5 3. d4 d6 4. Nf3 g6 5. Bc4 Nb6 6. Bb3 Bg7 7. Ng5 d5 8. h4 f6
9. Nf3 Bg4 10. Qd3 Nc6 11. c3 fxe5 12. Nxe5 Nxe5 13. dxe5 Bxe5 14. Be3 c6 15.
Nd2 Qd6 16. a4 Rf8 17. Nf1 Nd7 18. Qd2 Bg7 19. Nh2 Bf5 20. Nf3 Nc5 21. Bc2 Bxc2
22. Qxc2 Ne4 23. h5 Kd7 24. Rd1 Kc7 25. Rh4 Qe6 26. c4 Nf6 27. Nd4 Qe5 28. cxd5
Nxd5 29. Re4 Nxe3 30. Rxe3 Qa5+ 31. Kf1 Bxd4 32. Rxe7+ Kd8 33. Rxd4+ Kxe7 34.
Qe4+ Kf6 35. Rd6+ Kg7 36. Rxg6+ hxg6 37. Qxg6+ Kh8 38. Qh6+ Kg8 39. Qg6+ Kh8
40. Qh6+ Kg8 1/2-1/2

[Event "European Youth Chess Championship B14"]
[Site "Prague, Top Hotel Prague"]
[Date "2012.08.25"]
[Round "9.29"]
[White "Tomczak, Mikolaj"]
[Black "Johannesson, Oliver"]
[Result "1-0"]
[WhiteElo "1901"]
[BlackElo "2047"]
[PlyCount "71"]
[EventDate "2012.08.17"]

1. e4 e6 2. d4 d5 3. Nd2 Nf6 4. e5 Nfd7 5. Bd3 c5 6. c3 Nc6 7. Ne2 cxd4 8. cxd4
f6 9. exf6 Nxf6 10. Nf3 Bd6 11. O-O Qc7 12. Ng3 O-O 13. Be3 Bd7 14. Rc1 a6 15.
Re1 g6 16. a3 Ng4 17. Nf1 Nxe3 18. Nxe3 Rf4 19. g3 Rxf3 20. Qxf3 Rf8 21. Qg4
Qb6 22. Nc2 Rf7 23. b4 e5 24. Qd1 Nxd4 25. Nxd4 Qxd4 26. Qc2 e4 27. Bf1 Rf5 28.
Rcd1 Qe5 29. Rxd5 Qf6 30. Red1 Ba4 31. Qxa4 Rxf2 32. Rxd6 Rxf1+ 33. Rxf1 Qxd6
34. Qe8+ Kg7 35. Qf7+ Kh6 36. Qf8+ 1-0

[Event "European Youth Chess Championship B14"]
[Site "Prague, Top Hotel Prague"]
[Date "2012.08.25"]
[Round "9.30"]
[White "Afanaskin, Igor"]
[Black "Yaver, Faik Emre"]
[Result "1/2-1/2"]
[WhiteElo "2029"]
[BlackElo "1782"]
[PlyCount "92"]
[EventDate "2012.08.17"]

1. Nf3 d5 2. c4 c6 3. b3 Nf6 4. Bb2 Bf5 5. d3 e6 6. g3 Nbd7 7. Bg2 h6 8. O-O
Be7 9. Nbd2 O-O 10. Re1 Bh7 11. d4 Rc8 12. Ne5 Bd6 13. Nxd7 Qxd7 14. f3 Rfd8
15. e4 Bf8 16. Qe2 c5 17. e5 Ne8 18. cxd5 cxd4 19. d6 d3 20. Qe3 Nxd6 21. exd6
Bxd6 22. Kh1 Bb4 23. Red1 Rc2 24. Rab1 Rdc8 25. Ne4 Bxe4 26. Qxe4 d2 27. Qxb4
Rxb2 28. Rxb2 Rc1 29. Bf1 Rxd1 30. Kg2 a5 31. Qc3 Rxf1 32. Rxd2 Qb5 33. g4 Qa6
34. Rd3 Rd1 35. Rxd1 Qe2+ 36. Kh3 Qxd1 37. Qc8+ Kh7 38. Qxb7 f5 39. f4 Qe2 40.
Qb5 Qe1 41. Qd3 Kg6 42. Qf3 Kf6 43. Qd3 g5 44. Qd8+ Kg6 45. Qg8+ Kf6 46. Qh8+
Kg6 1/2-1/2

[Event "European Youth Chess Championship B14"]
[Site "Prague, Top Hotel Prague"]
[Date "2012.08.25"]
[Round "9.31"]
[White "Ladopoulos, Dimitrios"]
[Black "Spacek, Oliver"]
[Result "1-0"]
[WhiteElo "2027"]
[BlackElo "1945"]
[PlyCount "61"]
[EventDate "2012.08.17"]

1. e4 c5 2. Nf3 Nc6 3. d4 cxd4 4. Nxd4 Nf6 5. Nc3 d6 6. Bc4 e6 7. Be3 a6 8. Qe2
Be7 9. O-O-O O-O 10. Rhg1 Ne5 11. Bb3 Bd7 12. g4 b5 13. g5 Ne8 14. f4 b4 15.
Nb1 Nc6 16. Qh5 Na5 17. Rg3 Nxb3+ 18. axb3 g6 19. Qh6 Ng7 20. f5 Nh5 21. Rh3
exf5 22. Rxh5 gxh5 23. exf5 Bxg5 24. Rg1 f6 25. Bxg5 Kh8 26. Bh4 Qe7 27. Nd2
Rac8 28. Ne4 Bxf5 29. Bxf6+ Rxf6 30. Qxf6+ Qxf6 31. Nxf6 1-0

[Event "European Youth Chess Championship B14"]
[Site "Prague, Top Hotel Prague"]
[Date "2012.08.25"]
[Round "9.32"]
[White "Sirosh, Ilja"]
[Black "Khanin, Semen"]
[Result "0-1"]
[WhiteElo "1889"]
[BlackElo "2220"]
[PlyCount "100"]
[EventDate "2012.08.17"]

1. Nf3 d5 2. c4 e6 3. d4 c5 4. cxd5 exd5 5. g3 Nc6 6. Bg2 Nf6 7. O-O Be7 8. Nc3
O-O 9. dxc5 Bxc5 10. Na4 Be7 11. Be3 Bg4 12. Rc1 Qd7 13. Re1 Rfe8 14. Bc5 Bd8
15. a3 Rc8 16. Nc3 b6 17. Bd4 Nxd4 18. Nxd4 Ne4 19. Qd3 Bf6 20. e3 Nxc3 21.
Rxc3 Rxc3 22. Qxc3 Rc8 23. Qd2 h5 24. Ne2 Qa4 25. Nd4 Bxd4 26. Qxd4 Qxd4 27.
exd4 Be6 28. Bf3 Rc4 29. Bxh5 Rxd4 30. Rd1 Rc4 31. Rd2 Kf8 32. Kg2 Ke7 33. Be2
Rc1 34. h4 Kd6 35. g4 Ke5 36. Kg3 d4 37. Bf3 Bc4 38. Bd1 d3 39. h5 f6 40. Kf3
Kd4 41. Kf4 Bg8 42. Kf3 b5 43. Kf4 a5 44. Be2 Bc4 45. Bd1 b4 46. axb4 axb4 47.
b3 Bg8 48. Be2 Bh7 49. Bd1 Kc3 50. Ke3 Rc2 0-1

[Event "European Youth Chess Championship B14"]
[Site "Prague, Top Hotel Prague"]
[Date "2012.08.25"]
[Round "9.33"]
[White "Msellek, Ilyass"]
[Black "Monteriano, Eran"]
[Result "1-0"]
[WhiteElo "2173"]
[BlackElo "1947"]
[PlyCount "113"]
[EventDate "2012.08.17"]

1. d4 Nf6 2. c4 g6 3. Nf3 Bg7 4. g3 d6 5. Bg2 O-O 6. O-O Na6 7. Nc3 c5 8. d5
Nc7 9. h3 e6 10. e4 exd5 11. exd5 a6 12. a4 b6 13. Nd2 Bf5 14. Nb3 h5 15. Kh2
Qd7 16. Bf4 Rae8 17. Qd2 Kh7 18. Rfe1 Rh8 19. Bg5 Rb8 20. Re2 Rhe8 21. Rae1
Rxe2 22. Rxe2 b5 23. Na5 Re8 24. Bf4 b4 25. Nd1 Qxa4 26. Nb7 Rxe2 27. Qxe2 Nce8
28. Nxd6 Nxd6 29. Bxd6 Qb3 30. Bxc5 Bd3 31. Qd2 Qxc4 32. Qxb4 Nxd5 33. Qxc4
Bxc4 34. b4 Nc3 35. Ne3 Bb5 36. Nd5 Nxd5 37. Bxd5 Kg8 38. Kg2 Bc3 39. Kf3 Kg7
40. Ke3 Bf1 41. h4 Bb5 42. Bd4+ Bxd4+ 43. Kxd4 f5 44. f4 Kf6 45. Kc5 Ke7 46.
Kb6 Bd3 47. Bb7 Kd6 48. Bxa6 Be4 49. Bc4 Bg2 50. Bf7 Bf3 51. Bxg6 Bg4 52. Bf7
Bf3 53. Bg6 Bg4 54. Ka7 Bf3 55. Be8 Bg4 56. b5 Kd5 57. b6 1-0

[Event "European Youth Chess Championship B14"]
[Site "Prague, Top Hotel Prague"]
[Date "2012.08.25"]
[Round "9.34"]
[White "Blahynka, Martin"]
[Black "Tuerlinckx, Ben"]
[Result "0-1"]
[WhiteElo "2145"]
[BlackElo "1938"]
[PlyCount "92"]
[EventDate "2012.08.17"]

1. d4 c5 2. d5 g6 3. c4 Bg7 4. Nc3 d6 5. e4 Nf6 6. h3 e5 7. Bg5 O-O 8. Qd2 a6
9. Nf3 Qa5 10. Bd3 Kh8 11. h4 Qc7 12. Be2 Nbd7 13. O-O-O h5 14. Rdg1 Ng4 15.
Qe1 f6 16. Bd2 Nb6 17. Nh2 f5 18. exf5 gxf5 19. Nxg4 fxg4 20. Ne4 Bf5 21. Bd3
Nd7 22. Qe3 Bxe4 23. Bxe4 Nf6 24. f3 Nxe4 25. Qxe4 Qd7 26. Rf1 gxf3 27. Rxf3
Rxf3 28. Qxf3 Qg4 29. Qxg4 hxg4 30. Re1 Rg8 31. Bg5 Kh7 32. Kc2 Bh6 33. Bxh6
Kxh6 34. Rf1 g3 35. Rf6+ Rg6 36. Rf5 b5 37. b3 bxc4 38. bxc4 Kg7 39. Kd3 Rg4
40. Rg5+ Rxg5 41. hxg5 Kg6 42. Ke4 Kxg5 43. Kf3 Kf5 44. Kxg3 Ke4 45. Kg4 Kd3
46. Kf5 e4 0-1

[Event "European Youth Chess Championship B14"]
[Site "Prague, Top Hotel Prague"]
[Date "2012.08.25"]
[Round "9.35"]
[White "Chistiakov, Mihail"]
[Black "Grigorian, Spartak"]
[Result "1/2-1/2"]
[WhiteElo "1879"]
[BlackElo "2118"]
[PlyCount "113"]
[EventDate "2012.08.17"]

1. e4 c5 2. Nf3 d6 3. d4 cxd4 4. Nxd4 Nf6 5. Nc3 a6 6. Be2 e6 7. O-O Be7 8. Be3
O-O 9. f4 Qc7 10. Kh1 Nc6 11. g4 d5 12. e5 Ne4 13. Nxe4 dxe4 14. c3 Rd8 15. Qe1
b6 16. Qg3 Bc5 17. Rad1 Bb7 18. h4 Bxd4 19. cxd4 Nb4 20. a3 Nd5 21. f5 Qc2 22.
Qf2 exf5 23. gxf5 Qb3 24. Bg5 f6 25. exf6 gxf6 26. Bh6 Kh8 27. Rg1 Rg8 28.
Rxg8+ Rxg8 29. Rg1 Qh3+ 30. Qh2 Qxh2+ 31. Kxh2 Rxg1 32. Kxg1 Ne7 33. Bg4 Kg8
34. Bf4 Nd5 35. Bh6 Bc8 36. Bd2 a5 37. b4 axb4 38. Bxb4 Ne3 39. Be2 Bxf5 40.
Kf2 Nc2 41. Bc4+ Kg7 42. d5 Bg6 43. d6 Nxb4 44. axb4 Kf8 45. Ke3 Ke8 46. Be6
Kd8 47. Kf4 Ke8 48. Ke3 Kd8 49. Kf4 h6 50. Ke3 Ke8 51. Kf4 Kd8 52. Ke3 Ke8 53.
Kf4 Kd8 54. Ke3 f5 55. Kf4 Ke8 56. Ke3 Kd8 57. Kf4 1/2-1/2

[Event "European Youth Chess Championship B14"]
[Site "Prague, Top Hotel Prague"]
[Date "2012.08.25"]
[Round "9.36"]
[White "Sheremet, Anton"]
[Black "Kiss, Balint"]
[Result "1-0"]
[WhiteElo "2114"]
[BlackElo "1840"]
[PlyCount "65"]
[EventDate "2012.08.17"]

1. Nf3 Nf6 2. g3 d5 3. Bg2 c6 4. O-O Bf5 5. d4 e6 6. c4 Bd6 7. Nh4 Bg6 8. Nxg6
hxg6 9. Nd2 O-O 10. e4 dxe4 11. Nxe4 Nxe4 12. Bxe4 e5 13. c5 Bc7 14. d5 cxd5
15. Qxd5 Nc6 16. Be3 Qe7 17. Rad1 Rad8 18. Qc4 Kh8 19. h4 Rd7 20. Kg2 Rfd8 21.
Rxd7 Qxd7 22. Bf3 f5 23. Bg5 e4 24. Be2 Ne5 25. Qb3 Re8 26. Rd1 Qc8 27. h5 Bd8
28. Bf4 g5 29. Bxe5 Rxe5 30. Qf7 Bf6 31. h6 Qg8 32. hxg7+ Qxg7 33. Rh1+ 1-0

[Event "European Youth Chess Championship B14"]
[Site "Prague, Top Hotel Prague"]
[Date "2012.08.25"]
[Round "9.37"]
[White "Gavrilov, Mikhail"]
[Black "Santos Ruiz, Miguel"]
[Result "0-1"]
[WhiteElo "1857"]
[BlackElo "2069"]
[PlyCount "58"]
[EventDate "2012.08.17"]

1. e4 e6 2. d3 c5 3. g3 Nc6 4. Bg2 g6 5. f4 Bg7 6. Nf3 Nge7 7. O-O O-O 8. c3 b6
9. Be3 Ba6 10. Re1 d6 11. d4 cxd4 12. cxd4 Qd7 13. Nc3 Rac8 14. Bf1 Bxf1 15.
Rxf1 Na5 16. Qe2 Nc4 17. Rac1 b5 18. b3 Nxe3 19. Qxe3 Rc7 20. e5 Nf5 21. Qd2
dxe5 22. dxe5 Qxd2 23. Nxd2 Nd4 24. Nf3 Nxf3+ 25. Rxf3 Rfc8 26. b4 a5 27. a3
axb4 28. axb4 Bf8 29. Kg2 Bxb4 0-1

[Event "European Youth Chess Championship B14"]
[Site "Prague, Top Hotel Prague"]
[Date "2012.08.25"]
[Round "9.38"]
[White "Radulescu, Vlad-Alexandru"]
[Black "Murphy, Conor E"]
[Result "1-0"]
[WhiteElo "1830"]
[BlackElo "1976"]
[PlyCount "65"]
[EventDate "2012.08.17"]

1. e4 c5 2. Nf3 Nc6 3. d4 cxd4 4. Nxd4 e6 5. Nc3 Qc7 6. Nb3 Nf6 7. Bd3 a6 8.
O-O b5 9. a3 Bb7 10. Be3 Be7 11. f4 d6 12. Qf3 Nd7 13. Ne2 b4 14. axb4 Nxb4 15.
Rac1 d5 16. Bd4 O-O 17. e5 g6 18. Qh3 a5 19. Rf3 a4 20. Nd2 Rfe8 21. Rg3 Bf8
22. Nf3 Bg7 23. Ng5 Nf8 24. Re3 a3 25. bxa3 Rxa3 26. Bxg6 Rxe3 27. Bxh7+ Nxh7
28. Qxh7+ Kf8 29. Bxe3 Ba6 30. Ng3 Qc3 31. Bf2 Nd3 32. Ne2 Qa3 33. cxd3 1-0

[Event "European Youth Chess Championship B14"]
[Site "Prague, Top Hotel Prague"]
[Date "2012.08.25"]
[Round "9.41"]
[White "Bulgurlu, Okan"]
[Black "Chekletsov, Ilya"]
[Result "0-1"]
[WhiteElo "1839"]
[BlackElo "2018"]
[PlyCount "110"]
[EventDate "2012.08.17"]

1. d4 d5 2. c4 e6 3. Nc3 Be7 4. Nf3 Nf6 5. e3 O-O 6. Bd3 b6 7. cxd5 exd5 8. O-O
Be6 9. Qc2 Nbd7 10. b3 c5 11. Bb2 h6 12. Rac1 Rc8 13. Ba6 Ra8 14. Qb1 Qb8 15.
h3 Ne8 16. e4 dxe4 17. Nxe4 Nc7 18. Bd3 Nd5 19. dxc5 Nxc5 20. Nxc5 Bxc5 21. Be5
Bd6 22. Rfe1 Bxe5 23. Nxe5 Rc8 24. Qb2 Qd6 25. Bb1 b5 26. Qd4 Qa3 27. Qd2 Ne7
28. Be4 Rd8 29. Qe2 Rac8 30. Nc6 Nxc6 31. Rxc6 Rxc6 32. Bxc6 a6 33. Be4 Qb4 34.
Bb1 Qd2 35. Qxd2 Rxd2 36. Kf1 Rb2 37. Rd1 Kf8 38. Ke1 Ke7 39. Kf1 g5 40. a4
Bxb3 41. Re1+ Kd6 42. axb5 Bc4+ 43. Kg1 Bxb5 44. Bh7 a5 45. Bg8 Bc4 46. Ra1 Ra2
47. Rd1+ Ke7 48. Rc1 Be6 49. Bh7 a4 50. Bd3 a3 51. f3 Rb2 52. Ra1 a2 53. Kh2
Rd2 54. Bf1 Kf6 55. Re1 Bb3 0-1

[Event "European Youth Chess Championship B14"]
[Site "Prague, Top Hotel Prague"]
[Date "2012.08.25"]
[Round "9.42"]
[White "Balaji, Ananthanarayanan"]
[Black "Malhotra, Tarun"]
[Result "1/2-1/2"]
[WhiteElo "1859"]
[BlackElo "2005"]
[PlyCount "81"]
[EventDate "2012.08.17"]

1. e4 c5 2. Nc3 e6 3. f4 Nc6 4. Nf3 d5 5. Bb5 Nge7 6. O-O d4 7. Ne2 a6 8. Bxc6+
Nxc6 9. d3 Be7 10. Bd2 O-O 11. Qe1 f5 12. Ng3 Bf6 13. Nh5 Bd7 14. b4 fxe4 15.
dxe4 c4 16. c3 d3 17. e5 Be7 18. Ng3 Be8 19. Qe4 b5 20. f5 Qd7 21. Nd4 exf5 22.
Ngxf5 Rc8 23. Nxc6 Rxc6 24. Qxc6 Rxf5 25. Qxd7 Bxd7 26. Rxf5 Bxf5 27. a4 Kf7
28. axb5 axb5 29. Kf2 Bd7 30. Re1 Ke6 31. Bf4 g5 32. Bd2 h5 33. h3 g4 34. hxg4
hxg4 35. g3 Bd8 36. Be3 Bc6 37. Bd4 Bf3 38. Be3 Kxe5 39. Bg5+ Kf5 40. Bxd8 d2
41. Ra1 1/2-1/2

[Event "European Youth Chess Championship B14"]
[Site "Prague, Top Hotel Prague"]
[Date "2012.08.25"]
[Round "9.43"]
[White "Tsoi, Leo Z"]
[Black "Petrov, Vladimir Sergeev"]
[Result "0-1"]
[WhiteElo "1849"]
[BlackElo "1991"]
[PlyCount "92"]
[EventDate "2012.08.17"]

1. e4 c5 2. Nc3 d6 3. g3 Nf6 4. Bg2 g6 5. d3 Bg7 6. Bg5 Nc6 7. h3 Rb8 8. Qd2
O-O 9. Bh6 Bxh6 10. Qxh6 Nd4 11. Qd2 b5 12. Nd1 b4 13. c3 bxc3 14. bxc3 Nc6 15.
Ne2 Ba6 16. f4 Qc7 17. O-O Rb6 18. g4 Rfb8 19. f5 Ne5 20. c4 Nfd7 21. Nf4 Bb7
22. Nc3 Qd8 23. Rab1 Ba8 24. Rxb6 Rxb6 25. Nfd5 Bxd5 26. Nxd5 Rb8 27. g5 Nc6
28. h4 Nde5 29. h5 Nd4 30. hxg6 hxg6 31. Kh2 e6 32. fxe6 fxe6 33. Nf6+ Kg7 34.
Kg3 Qe7 35. Rf2 Rh8 36. Bf1 Qd8 37. Qf4 Qe7 38. Qc1 Rh1 39. Qb2 Rg1+ 40. Bg2
Ndc6 41. Rd2 Nb4 42. Qc3 Nbc6 43. Kf4 Rb1 44. Bf3 Rf1 45. Kg3 Rxf3+ 46. Kg2
Rxf6 0-1

[Event "European Youth Chess Championship B14"]
[Site "Prague, Top Hotel Prague"]
[Date "2012.08.25"]
[Round "9.44"]
[White "Marek, Matyas"]
[Black "Abbasov, Zaur"]
[Result "1-0"]
[WhiteElo "1975"]
[BlackElo "1839"]
[PlyCount "135"]
[EventDate "2012.08.17"]

1. Nf3 d5 2. c4 c6 3. e3 Nf6 4. Nc3 e6 5. Qc2 Nbd7 6. b3 Bd6 7. Bb2 O-O 8. Rg1
Qc7 9. g4 b6 10. g5 Ne8 11. h4 Bb7 12. h5 g6 13. hxg6 fxg6 14. Nd4 Ng7 15. Bh3
Rae8 16. cxd5 exd5 17. Nxd5 cxd5 18. Qxc7 Bxc7 19. Bxd7 Re7 20. Bc6 Bd6 21. Rc1
Nh5 22. Bxb7 Rxb7 23. Nb5 Bb4 24. Rc7 Rxc7 25. Nxc7 Rd8 26. Rg4 Be7 27. Nb5 Rd7
28. Ke2 Ng7 29. Nd4 Rc7 30. Rg1 Kf7 31. f4 Bc5 32. Nb5 Re7 33. d4 Bb4 34. Rc1
a6 35. Nc7 Rd7 36. Nxa6 Bd6 37. Rc6 Nf5 38. Kf2 Rb7 39. b4 Ke6 40. b5 Ne7 41.
Rc1 Nf5 42. Rc6 Ne7 43. Rc2 Nf5 44. Bc3 Ne7 45. Rb2 Nf5 46. a4 Ba3 47. Rb3 Be7
48. a5 Nd6 49. axb6 Ne4+ 50. Kg2 Nxc3 51. Rxc3 Rxb6 52. Nc5+ Bxc5 53. Rxc5 Kd6
54. Rc6+ Rxc6 55. bxc6 Kxc6 56. Kg3 Kd6 57. Kg4 Ke6 58. f5+ gxf5+ 59. Kf4 Ke7
60. Ke5 Kf7 61. Kxd5 Kg6 62. Ke5 Kxg5 63. d5 h5 64. d6 h4 65. d7 h3 66. d8=Q+
Kg4 67. Qa8 h2 68. Qg2+ 1-0

[Event "European Youth Chess Championship B14"]
[Site "Prague, Top Hotel Prague"]
[Date "2012.08.25"]
[Round "9.45"]
[White "Kratochvil, Vit 98"]
[Black "Valkama, Eero"]
[Result "0-1"]
[WhiteElo "1962"]
[BlackElo "1827"]
[PlyCount "100"]
[EventDate "2012.08.17"]

1. e4 e5 2. Nf3 Nc6 3. Bc4 Bc5 4. O-O Nf6 5. d3 a6 6. c3 d6 7. h3 Ba7 8. a4 O-O
9. Bg5 h6 10. Bh4 Be6 11. Nbd2 Qe7 12. b4 g5 13. Bg3 Kh7 14. b5 Na5 15. Bxe6
Qxe6 16. d4 Nd7 17. Qe2 Bb6 18. Rfe1 f6 19. Qd3 Kh8 20. Nh2 h5 21. Nhf1 exd4
22. cxd4 f5 23. d5 Qf6 24. exf5 Qxf5 25. Qe2 h4 26. Qh5+ Kg8 27. Ne4 hxg3 28.
Nfxg3 Bxf2+ 29. Nxf2 Qxf2+ 30. Kh2 Qf7 31. Qxg5+ Qg7 32. Qh4 Ne5 33. Nh5 Qg6
34. Re3 Qh6 35. Rg3+ Kh8 36. Rg5 Rg8 37. Rxg8+ Rxg8 38. Rf1 Qg5 39. Qxg5 Rxg5
40. bxa6 bxa6 41. g4 Nac4 42. Rf8+ Rg8 43. Rf6 Rb8 44. Re6 Rf8 45. Kg3 Ne3 46.
Nf6 Kg7 47. g5 Kf7 48. Nh7 Rg8 49. h4 Nxd5 50. Rh6 Rg6 0-1

[Event "European Youth Chess Championship B14"]
[Site "Prague, Top Hotel Prague"]
[Date "2012.08.25"]
[Round "9.46"]
[White "Kula, Dominik"]
[Black "Kavon, Rastislav"]
[Result "1-0"]
[WhiteElo "1794"]
[BlackElo "1959"]
[PlyCount "91"]
[EventDate "2012.08.17"]

1. e4 c5 2. Nf3 Nc6 3. d4 cxd4 4. Nxd4 Nf6 5. Nc3 e5 6. Ndb5 d6 7. Bg5 a6 8.
Na3 b5 9. Nd5 Be7 10. Bxf6 Bxf6 11. c4 b4 12. Nc2 a5 13. Be2 O-O 14. O-O Bg5
15. Qd3 Ne7 16. Nce3 Bxe3 17. Nxe7+ Qxe7 18. Qxe3 Be6 19. b3 f5 20. f3 f4 21.
Qd2 Rf6 22. Rfd1 Bf7 23. a3 bxa3 24. Rxa3 Qb7 25. Rda1 Qb6+ 26. Kh1 h6 27. b4
Rc8 28. bxa5 Qf2 29. Qe1 Qc5 30. a6 Be8 31. a7 Ra8 32. Qa5 Qc8 33. Bd1 Kh7 34.
Ba4 Rf7 35. Bxe8 Qxe8 36. Qb6 Rd7 37. h3 Qe7 38. Ra6 Kg8 39. Qb8+ Rd8 40. Rb1
Qf8 41. Qb7 Kh7 42. Rbb6 h5 43. c5 dxc5 44. Rh6+ Kg8 45. Qb3+ Qf7 46. Rh8+ 1-0

[Event "European Youth Chess Championship B14"]
[Site "Prague, Top Hotel Prague"]
[Date "2012.08.25"]
[Round "9.47"]
[White "Kostka, Vit"]
[Black "Gerlagh, Joris"]
[Result "0-1"]
[WhiteElo "1820"]
[BlackElo "1930"]
[PlyCount "82"]
[EventDate "2012.08.17"]

1. e4 c5 2. Nf3 Nc6 3. d4 cxd4 4. Nxd4 Qc7 5. Nc3 e6 6. Be2 a6 7. O-O Nf6 8. a3
Be7 9. Be3 O-O 10. Kh1 Rd8 11. f4 d5 12. e5 Nd7 13. Qe1 Nxd4 14. Bxd4 Bc5 15.
Bxc5 Nxc5 16. Bf3 Bd7 17. Qg3 Bc6 18. Rad1 Na4 19. Nxa4 Bxa4 20. Rd2 Qb6 21. b3
Bd7 22. Rfd1 Rac8 23. f5 exf5 24. Bxd5 Be6 25. c4 Bxd5 26. Rxd5 Rxd5 27. cxd5
Qa5 28. b4 Qxd5 29. Qe1 Qc4 30. Qd2 g6 31. h3 Qe6 32. Qd4 Kg7 33. Re1 Rc2 34.
Kh2 h6 35. h4 Kh7 36. Qf4 Rc4 37. Qf2 Qd7 38. g3 Qe6 39. Re2 f4 40. gxf4 Qg4
41. f5 gxf5 0-1

[Event "European Youth Chess Championship B14"]
[Site "Prague, Top Hotel Prague"]
[Date "2012.08.25"]
[Round "9.48"]
[White "Schweighoffer, Martin"]
[Black "Rajkovic, Mladen"]
[Result "0-1"]
[WhiteElo "1756"]
[BlackElo "1926"]
[Annotator ",Microsoft"]
[PlyCount "126"]
[EventDate "2012.08.17"]

1. e4 c5 2. Nf3 e6 3. c4 Nc6 4. Nc3 d6 5. Be2 Nf6 6. O-O Be7 7. d4 cxd4 8. Nxd4
a6 9. Be3 O-O 10. Rc1 Bd7 11. f3 Rc8 12. b3 Qc7 13. Kh1 Ne8 14. Nd5 exd5 15.
cxd5 Qa5 16. dxc6 bxc6 17. Bd3 g6 18. f4 c5 19. Nf3 Bb5 20. f5 Bxd3 21. Qxd3
Bf6 22. fxg6 hxg6 23. Bh6 Bg7 24. Bxg7 Kxg7 25. Ng5 Rc7 26. Qg3 Re7 27. Qg4 Qd2
28. Rcd1 Qb2 29. Rd3 Rh8 30. Rdf3 f6 31. Ne6+ Kf7 32. Nf4 Rg8 33. Qh3 Rxe4 34.
Nd5 Re6 35. Qh4 Qd4 36. Nf4 Re5 37. Qh3 Re7 38. Qc8 a5 39. Qa8 Rh8 40. h3 Kg7
41. Qd8 Qe5 42. Qxa5 g5 43. Nd3 Qd5 44. Qc3 g4 45. Rg3 Rxh3+ 46. Rxh3 gxh3 47.
Nf4 hxg2+ 48. Nxg2 Kg8 49. Qb2 Rb7 50. Qe2 Kf8 51. Rf3 Kf7 52. a4 Rxb3 53. Rxb3
Qxb3 54. Qh5+ Ke7 55. Qh7+ Kd8 56. Qa7 $11 Nc7 57. Qa5 Qd5 58. Qa7 f5 59. Kg1
c4 60. Qe3 Qc5 61. Qxc5 dxc5 62. Ne3 c3 63. Nc2 Nd5 0-1

[Event "European Youth Chess Championship B14"]
[Site "Prague, Top Hotel Prague"]
[Date "2012.08.25"]
[Round "9.49"]
[White "Suleymanli, Ramazan"]
[Black "Miculka, David"]
[Result "1-0"]
[WhiteElo "1750"]
[BlackElo "1915"]
[PlyCount "77"]
[EventDate "2012.08.17"]

1. e4 c5 2. Nf3 Nc6 3. d4 cxd4 4. Nxd4 Nf6 5. Nc3 e5 6. Ndb5 d6 7. Nd5 Nxd5 8.
exd5 Nb8 9. c4 Be7 10. Bd3 a6 11. Nc3 O-O 12. O-O f5 13. f3 Bg5 14. Qe2 Nd7 15.
Bxg5 Qxg5 16. b4 e4 17. fxe4 f4 18. Qd2 Ne5 19. Ne2 Bh3 20. Nxf4 Rxf4 21. Rxf4
Nf3+ 22. Rxf3 Qxd2 23. Rxh3 h6 24. a3 Rf8 25. Kh1 Rf2 26. Rg1 Qc3 27. c5 Qxa3
28. cxd6 Qxb4 29. e5 Qd4 30. d7 Rf8 31. e6 Qe5 32. Bg6 Qd6 33. Rc3 b5 34. Rc6
Qe7 35. Bf7+ Kh7 36. d6 Qf6 37. Rc8 Rh8 38. Rxh8+ Kxh8 39. e7 1-0

[Event "European Youth Chess Championship B14"]
[Site "Prague, Top Hotel Prague"]
[Date "2012.08.25"]
[Round "9.50"]
[White "Aleksanyan, Hrant"]
[Black "Simo, Marian"]
[Result "1/2-1/2"]
[WhiteElo "1898"]
[BlackElo "1760"]
[Annotator ",Microsoft"]
[PlyCount "80"]
[EventDate "2012.08.17"]

1. d4 Nf6 2. c4 e6 3. Nf3 b6 4. g3 Bb7 5. Bg2 Bb4+ 6. Bd2 Bxd2+ 7. Qxd2 O-O 8.
Nc3 d5 9. Ne5 Nbd7 10. Nxd7 Qxd7 11. cxd5 exd5 12. O-O Ne4 13. Qd3 Rae8 14. e3
f5 15. Ne2 Rf6 16. Rfc1 Rh6 17. Qc2 c6 18. Nf4 g5 19. Nd3 Qf7 20. Ne5 Qh5 21.
h3 Ree6 22. Qd1 Qe8 23. a4 a5 24. Ra3 Qd8 25. Rb3 Ba6 26. Bxe4 fxe4 27. Kg2 Bc8
28. Qe2 Ref6 29. Rh1 Qc7 30. Ng4 Bxg4 31. hxg4 Rxh1 32. Kxh1 c5 33. dxc5 Qxc5
34. Rc3 Qb4 35. Qc2 Qd6 36. Kg2 Kg7 37. Rc8 h6 38. Rc7+ Kg6 39. Rc8 Kg7 40. Qc3
Kf7 $11 1/2-1/2